000 00679nam a22002177a 4500
005 20250122144514.0
008 250122b |||||||| |||| 00| 0 eng d
020 _a9780852975329
050 _aHF5686
_b.C7 FIN
100 _aBishop Mary
245 _aFinancial Reporting Analysis and Planning/
_cMary Bishop, Jonathan Evans, Mervyn Hughes & Margaret M. Woods
250 _a2nd Ed.
260 _aCanterbury
_bChartered Institute of Bankers
_c1999
300 _a444p.
_bill.
_c29 cm x 21 cm
500 _aIncludes Index
650 _2Financial Reporting
700 _aEvans Jonathan
700 _aHughes Mervyn
700 _aWoods Margaret M.
942 _2lcc
_cBK
_e2nd Ed.
_n0
999 _c2813
_d2813